Úvodom

Guardado en:
Detalles Bibliográficos
Autor principal: Buček, Milan
Otros Autores: Maier, Gunther, Tödtling, Franz
Formato: Capítulo de libro
Lenguaje:eslovaco
Etiquetas: Agregar Etiqueta
Sin Etiquetas, Sea el primero en etiquetar este registro!

MARC

LEADER 00000naa$a2200000$$$4500
001 0126443
005 20240502072436.9
041 0 |a slo 
044 |a SK 
245 1 0 |a Úvodom  |c Milan Buček, Gunther Maier, Franz Tödtling 
100 1 |a Buček, Milan 
700 1 |a Maier, Gunther 
700 1 |a Tödtling, Franz